Представление документа в формате MARC21

Поле Инд. ПП Название Значение
Тип записи a
Библиографический уровень b
001 Контрольный номер RU/IS/BASE/308926593
005 Дата корректировки 20220715140341.2
008 Кодируемые данные 20091015
040 b Код языка каталог. rus
e Правила каталог. PSBO
041 0_ a Код языка текста rus
084 a Индекс другой классификации/Индекс ББК 66.3(7США),123; 63.3(7США)6-3; 66.1(7США)6-8
100 1_ a Автор Гринстайн Ф. И.
q Полное имя Гринстайн Фред Ирвин
245 10 a Заглавие Мое видение президентства
c Ответственность предисловие, перевод с англ. Т. Н. Самсоновой
504 a Библиография Библиогр. ссылки. - Примеч.
520 a Аннотация На протяжении всей истории Америки президенты накладывали свой отпечаток на политику США. Со времен президентства Франклина Д. Рузвельта (1933 - 1945) изменились влияние президентской власти и сам институт президентства. В современной Америке президенты крайне разнообразны по своим личным качествам. Личности президентов являются неотъемлемой частью американской политической системы, так как по конституции они наделены всей полнотой государственной власти и требуют пристального внимания
650 a Основная рубрика внутренняя политика
a Основная рубрика история
a Основная рубрика история политических учений
a Основная рубрика политика
653 a Ключевые слова XX век
a Ключевые слова президентство
a Ключевые слова президенты
a Ключевые слова США
700 a Автор Самсонова Т. Н.
e Роль лиц переводчик
e Роль лиц автор предисловия
q Полное имя Самсонова Татьяна Николаевна
773 08 t Заглавие источника Вестник Московского университета. Серия 18, Социология и политология
d Дата издания источника 2009
g Прочая информация № 1. - С. 136 - 145
w Контрольный № источника RU/IS/BASE/299591355
901 t Тип документа b